LEADER 03667nam 22006855 450 001 9911001466203321 005 20260204154916.0 010 $a3-031-80961-0 024 7 $a10.1007/978-3-031-80961-3 035 $a(CKB)38672078800041 035 $a(DE-He213)978-3-031-80961-3 035 $a(MiAaPQ)EBC32063915 035 $a(Au-PeEL)EBL32063915 035 $a(OCoLC)1524422597 035 $a(EXLCZ)9938672078800041 100 $a20250430d2025 u| 0 101 0 $aeng 135 $aur||||||||||| 181 $ctxt$2rdacontent 182 $cc$2rdamedia 183 $acr$2rdacarrier 200 10$aMachine Learning for Drone-Enabled IoT Networks $eOpportunities, Developments, and Trends /$fedited by Jahan Hassan, Sara Khalifa, Prasant Misra 205 $a1st ed. 2025. 210 1$aCham :$cSpringer Nature Switzerland :$cImprint: Springer,$d2025. 215 $a1 online resource (IX, 207 p. 52 illus., 42 illus. in color.) 225 1 $aAdvances in Science, Technology & Innovation, IEREK Interdisciplinary Series for Sustainable Development,$x2522-8722 311 08$a3-031-80960-2 327 $aMachine learning algorithms for drone-enabled IoT networks -- Sensing and data collection with drones for IoT applications -- Data analysis and processing for IoT networks assisted by drones -- Energy-efficient and scalable solutions for drone-assisted IoT networks -- Security and privacy issues in drone-enabled IoT networks -- Emerging trends and future directions in ML for drone-assisted IoT networks. 330 $aThis book aims to explore the latest developments, challenges, and opportunities in the application of machine learning techniques to enhance the performance and efficiency of IoT networks assisted by aerial unmanned vehicles (UAVs), commonly known as drones. The book aims to include cutting edge research and development on a number of areas within the topic including but not limited to: ?Machine learning algorithms for drone-enabled IoT networks ?Sensing and data collection with drones for IoT applications ?Data analysis and processing for IoT networks assisted by drones ?Energy-efficient and scalable solutions for drone-assisted IoT networks ?Security and privacy issues in drone-enabled IoT networks ?Emerging trends and future directions in ML for drone-assisted IoT networks. 410 0$aAdvances in Science, Technology & Innovation, IEREK Interdisciplinary Series for Sustainable Development,$x2522-8722 606 $aMachine learning 606 $aInternet of things 606 $aGeographic information systems 606 $aMachine Learning 606 $aInternet of Things 606 $aGeographical Information System 606 $aAprenentatge automātic$2thub 606 $aDrons$2thub 606 $aInternet de les coses$2thub 608 $aLlibres electrōnics$2thub 615 0$aMachine learning. 615 0$aInternet of things. 615 0$aGeographic information systems. 615 14$aMachine Learning. 615 24$aInternet of Things. 615 24$aGeographical Information System. 615 7$aAprenentatge automātic 615 7$aDrons 615 7$aInternet de les coses 676 $a006.31 702 $aHassan$b Jahan$4edt$4http://id.loc.gov/vocabulary/relators/edt 702 $aKhalifa$b Sara$4edt$4http://id.loc.gov/vocabulary/relators/edt 702 $aMisra$b Prasant$4edt$4http://id.loc.gov/vocabulary/relators/edt 801 0$bMiAaPQ 801 1$bMiAaPQ 801 2$bMiAaPQ 906 $aBOOK 912 $a9911001466203321 996 $aMachine Learning for Drone-Enabled IoT Networks$94377674 997 $aUNINA